Débuts de chansons - Années 80 #3 - Statistiques

Statistiques générales
  • Ce quiz a été pris 987 fois
    591 depuis la dernière actualisation
  • Le résultat moyen est 8 sur 22
Statistiques - réponses
Paroles Chanson % Correct
Terre brûlée au vent / Des landes de pierre / Autour des lacs / C'est pour les vivants Les lacs du Connemara / Michel Sardou
91%
Y a pas de saison pour que vive la musique au fond / Pas de saison pour que vive le son Nuit de folie / Début de soirée
84%
Regarde / Le jour se lève / Dans la tendresse / Sur la ville Besoin de rien, envie de toi / Peter et Sloane
51%
Comme un bateau dérive / Sans but et sans mobile Je marche seul / Jean-Jacques Goldman
51%
Cinq heures du mat' j'ai des frissons / Je claque des dents et je monte le son Chacun fait (c'qui lui plait) / Chagrin d'amour
49%
Seul sur le sable / Les yeux dans l'eau / Mon rêve était trop beau Hélène / Roch Voisine
49%
Partir effacer sur le Gange / La douleur / Pouvoir parler à un ange / En douceur Sauver l'amour / Daniel Balavoine
46%
Moi je file un rancard à ceux qui n'ont plus rien / Sans idéologie, discours ou baratin Les Restos du Coeur / Les Restos du Coeur
43%
On choisit pas ses parents / On choisit pas sa famille / On choisit pas non plus les trottoirs de Manille Né quelque part / Maxime Le Forestier
34%
Dés l'aérogare / J'ai senti le choc / Un souffle barbare / Un remous hard rock Nougayork / Claude Nougaro
31%
Elle a de ces lumières au fond des yeux / Qui rendent aveugles ou amoureux Elle est d'ailleurs / Pierre Bachelet
27%
À l'école quand j'étais petit / Je n'avais pas beaucoup d'amis / J'aurais voulu m'appeler Dupond Le rital / Claude Barzotti
27%
T'as rien compris / Quand tu dit que c'est une mélodie Le coup de folie / Thierry Pastor
26%
Demandez-moi de combattre le diable / D'aller défier les dragons du néant Le géant de papier / Jean-Jacques Lafon
25%
Y´en a qui élèvent des gosses au fond des HLM / Y´en a qui roulent leurs bosses du Brésil en Ukraine Mademoiselle chante le blues / Patricia Kaas
25%
Vision d'orage / J'voudrais pas qu'tu t'en ailles / La passion comme une ombre / Fallait que j'y succombe Ouragan / Stéphanie
24%
Dis-moi, c'est vrai que tu me trompes depuis six mois? / Avec ma meilleure amie, dis-moi? Fallait pas commencer / Lio
19%
Ils ont des idées plein la tête / C'est des idées pour faire la fête Tout pour la musique / France Gall
18%
Tape sur nos systèmes / L'envie que tout le monde s'aime Le soleil donne / Laurent Voulzy
17%
Moi je n'aurais pas imaginé / Que je te reverrais / Tant d'années ont passé / Je vois que tu n'as pas changé Kolé séré / Philippe Lavil & Jocelyne Béroard
16%
Je dors avec, j'en rêve la nuit / Ils sont ma Macque, ma seule folie La Rockeuse de diamants / Catherine Lara
6%
Maria / Ne reste donc pas au fond de ta favela / Mais descends faire un tour à Copacabana Samba Maria / David Koven
4%
Aucun quiz correspondant
Distribution des résultats
% des personnes avec chaque résultat
Percentile par nombre de réponses
Votre historique - résultats
Vous n’avez pas pris ce quiz depuis la dernière actualisation